Statistiche per Quiz sul Paraguay

Clicka qui per fare il quiz!

Statistiche generali

  • Questo quiz è stato fatto 357 volte
  • Il punteggio medio è 12 su 19

Statistiche sulle risposte

HintRisposta% Corretto
Pesi confinantiArgentina
99%
Brasile
99%
Bolivia
97%
Lingue ufficialiSpagnolo
97%
CapitaleAsuncion
87%
Il Paraguay è uno dei due paesi del continente americano senza...S{bocco } sul {mare}
84%
Altro nome della "Guerra del Paraguay", nel quale il paese perse 1/3 del suo territorio e la maggior parte della popolazione maschileGuerra della T{riplice} Alleanza
73%
Il capibara è un animale molto diffuso nel Paraguay ed è al mondo il più grande...R{oditore}
72%
Percentuale della potenza del Paraguay che proviene dall'idroelettricità100
62%
Il 95% della popolazione appartiene a questo gruppo etnico, un mix di spagnoli e amerindiM{estizos}
57%
Il Paraguay ha 2.01 di questi animali a persona, il più alto rapporto tra tutti i paesi dopo Uruguay e Nuova ZelandaMucche
51%
Popolare bevanda sudamericana simile al TereréYerba Mate
47%
Il Paraguay è il secondo più grande produttore di questa pianta autoctona utilizzata come dolcificante senza calorieS{tevia}
44%
Fiume di cui il fiume Paraguay è un affluenteParanà
42%
Guaranì
41%
Il Paraguay ha questo simbolo nazionale con una caratteristica unica al mondo: i due lati sono diversi l'uno dall'altroBandiera
40%
Legume che rappresenta il 39% delle esportazioni del ParaguaySoya
34%
Il Paraguay occidentale fa parte di questa regione di pianure semiarideGran C{haco}
30%
Seconda città più grande, situata vicino alle cascate dell' IguazuCiudad de l'Este
24%

Distribuzione punteggi

Percentile per numero di risposta

Percentuale di utenti per punteggio

I tuoi punteggi nel tempo

Non hai fatto questo quiz